Výzvy pro controlling: zvyšovaní hodnoty firmy v podnikatelském prostředí současnosti

Charakteristika kontrolingu. Poslanie kontroléra a jeho zodpovednosť vo firme. Kontroling v oblasti riadenia znalostí. Motivácia zamestnancov a personálne riadenie. Kontrolér a projektové riadenie.

Guardado en:
Detalles Bibliográficos
Autor principal: Matyáš, Ondřej
Formato: Capítulo de libro
Lenguaje:checo
Materias:
Etiquetas: Agregar Etiqueta
Sin Etiquetas, Sea el primero en etiquetar este registro!

MARC

LEADER 00000naa$a2200000$$$4500
001 0054449
005 20230509081330.0
041 0 |a cze 
044 |a CZ 
245 1 0 |a Výzvy pro controlling: zvyšovaní hodnoty firmy v podnikatelském prostředí současnosti  |c Ondřej Matyáš 
520 |a Charakteristika kontrolingu. Poslanie kontroléra a jeho zodpovednosť vo firme. Kontroling v oblasti riadenia znalostí. Motivácia zamestnancov a personálne riadenie. Kontrolér a projektové riadenie. 
610 2 0 |a kontroling 
610 2 0 |a controller 
610 2 0 |a riadenie projektové 
610 2 0 |a zodpovednosť 
610 2 0 |a riadenie znalostí 
610 2 0 |a riadenie personálne 
100 1 |a Matyáš, Ondřej